000
00298nam a22001457a 4500
003
SGT
020
_a
9788131517390
082
_a
330
_b
MAN
100
_a
MANKIW GREGORY N
245
_a
PRINCIPLES OF ECONOMICS
250
_a
6
260
_a
UK
_b
CENGAGE
_c
2012
300
_a
854
942
_2
ddc
_c
BK
_0
2
999
_c
26737
_d
26737